• 首页
  • 本馆介绍
  • 公告通知
  • 最新文献
  • 馆藏检索
  • 电子资源
  • 读者导购
  • 参考咨询
  • 我的图书馆
  • 登录
  • 详细信息显示
  • 放入我的书架
  • 预约/预借图书
  • 作者相关作品
  • 分类相关作品
  • 丛书相关作品
  • 出版社相关作品

书目信息

  • 表格格式
  • 工作单格式
  • 卡片格式
题名:
室内设计
    
 
作者: 安慧 主编
分册:  
出版信息: 北京   人民邮电出版社  2013.6
页数: 165页
开本: 26cm
丛书名:
单 册:
中图分类: TU238.2
科图分类:
主题词: 室内装饰设计--高等职业教育--教材 , 室内装饰设计
电子资源:
ISBN: 978-7-115-31428-4
000 01046nam0 2200277 450
001 0400003163
005 20171021202637.0
010    @a978-7-115-31428-4@dCNY48.00
090    @aTU22@bah
100    @a20140429e20172013em y0chiy50 ea
101 0  @achi
102    @aCN@b110000
105    @aa z 000yy
106    @ar
200 1  @a室内设计@9shi nei she ji@dInterior design@f安慧主编@zeng
210    @a北京@c人民邮电出版社@d2013.6@h2017.1
215    @a165页@c彩图@d26cm
300    @a21世纪高等职业教育建筑装饰与环境艺术规划教材
330    @a本书全面地介绍了室内设计所涵盖的方方面面,以及不同空间的设计要素。全书共11章,包括室内设计的概念、室内设计的历史和风格流派、室内空间设计、居住空间设计、办公空间设计、商业空间设计、酒店空间设计、室内色彩设计、室内光环境、室内装饰材料和人体工程学。
510 1  @aInterior design@zeng
606 0  @a室内装饰设计@x高等职业教育@j教材
606 0  @a室内装饰设计
690    @aTU238.2@v5
701  0 @a安慧@9an hui@c(室内设计)@4主编
801  0 @aCN@bNLC@c20171021
905    @b1022395-9@dTU238.2@f5@e1023
    
    室内设计=Interior design/安慧主编.-北京:人民邮电出版社,2013.6(2017.1)
    165页:彩图;26cm
    21世纪高等职业教育建筑装饰与环境艺术规划教材
    
    ISBN 978-7-115-31428-4:CNY48.00
    本书全面地介绍了室内设计所涵盖的方方面面,以及不同空间的设计要素。全书共11章,包括室内设计的概念、室内设计的历史和风格流派、室内空间设计、居住空间设计、办公空间设计、商业空间设计、酒店空间设计、室内色彩设计、室内光环境、室内装饰材料和人体工程学。
●
相关链接 在E读中查询图书 在五车中查询图书 在当当中查询图书 在豆瓣中查询图书


正题名:室内设计     索取号:TU238.2/1023         预约/预借

序号 登录号 条形码 馆藏地/架位号 状态 备注
1 1022395   210223952   第二样本阅览室/ [索取号:TU238.2/1023] 在馆    
2 1022396   210223961   密集书库-生命科学系/ [索取号:TU238.2/1023] 在馆    
3 1022397   210223970   第三借阅区/ [索取号:TU238.2/1023] 在馆    
4 1022398   210223989   第三借阅区/ [索取号:TU238.2/1023] 在馆    
5 1022399   210223998   第三借阅区/ [索取号:TU238.2/1023] 在馆    
唐山师范学院图书馆 欢迎您!
大连网信软件有限公司© 版权所有